Personnages Aléatoires de Madame (Monsieur Madame) - Statistiques

Statistiques générales
  • Ce quiz a été pris 21 fois
  • Le résultat moyen est 4 sur 12
Statistiques - réponses
Par images Réponse % Correct
Mme Bavarde
100%
Mme Petite
100%
Mme Tête-en-l'air
100%
Mme Timide
100%
Mme Double
75%
Mme en Retard
71%
Mme Bonheur
67%
Mme Coquette
67%
Mme Malchance
67%
Mme Princesse
60%
Mme Acrobate
50%
Mme Autoritaire
50%
Mme Beauté
50%
Mme Câlin
50%
Mme Farceuse
50%
Mme Pourquoi
43%
Mme Anniversaire
33%
Mme Boulot
33%
Mme Chipie
33%
Mme Courage
33%
Mme Magie
33%
Mme Sage
33%
Mme Noël
25%
Mme Contraire
20%
Mme Casse-Pieds
17%
Mme Boute-en-train
0%
Mme Canaille
0%
Mme Catastrophe
0%
Mme Chance
0%
Mme Dodue
0%
Mme Follette
0%
Mme Géniale
0%
Mme Indécise
0%
Mme Invention
0%
Mme Je-Sais-Tout
0%
Mme Oui
0%
Mme Proprette
0%
Mme Prudente
0%
Mme Range-tout
0%
Mme Risette
0%
Mme Terreur
0%
Mme Têtue
0%
Mme Tintamarre
0%
Mme Tout-Va-Bien
0%
Mme Vedette
0%
Mme Vite-Fait
0%
Aucun quiz correspondant
Distribution des résultats
% des personnes avec chaque résultat
Percentile par nombre de réponses
Votre historique - résultats
Vous n’avez pas pris ce quiz